| 000 | 00625nam a2200157Ia 4500 | ||
|---|---|---|---|
| 020 | _a9694130689(hb) | ||
| 082 |
_a954.91 _bWAH _cL-40, P-61 |
||
| 100 |
_aJinnah, Muhammad Ali,1876-1948. _946490 |
||
| 245 |
_aThe Nation`s Voice: _bdeadlock, frustration and riots. |
||
| 260 |
_aKarachi: _bQuaid-i-Azam Academy, _c2001. |
||
| 300 | _aVol.5. | ||
| 500 | _aVol.5-- Annotated sppeeches-Statements-Interviews and Messages May 1946-February 1947. Vol.6-- March-August 1947. | ||
| 526 |
_a0 _b0 _c0 _d954_910000000000000_WAH |
||
| 650 |
_aJinnah, Muhammad Ali,1876-1948 -- Addresses, Essays, Lectures, Etc. _946491 |
||
| 942 |
_2ddc _cBK |
||
| 999 |
_c549819 _d549819 |
||